Giotto di Bondone, 1267-1337: la renovación de la pintura

محفوظ في:
التفاصيل البيبلوغرافية
المؤلف الرئيسي: Wolf, Norbert (مؤلف)
التنسيق: كتاب
اللغة:الإسبانية
منشور في: Colonia Taschen 2006
الموضوعات:
الوسوم: إضافة وسم
لا توجد وسوم, كن أول من يضع وسما على هذه التسجيلة!

MARC

LEADER 00000nam a2200000 a 4500
001 UCG7087
003 CL-VaPUC
008 110617e20060000GW |||||||||||||||||spa|d
020 |a 9783822851590 
082 0 4 |a 750  |b WOL  |2 21 
100 0 |a Wolf, Norbert  |e author  |9 557602 
245 1 0 |a Giotto di Bondone, 1267-1337: la renovación de la pintura 
300 |a 96 p 
942 |c BK 
945 |d 20110617 00:00:00  |a dcastane 
260 |a Colonia  |b Taschen  |c 2006 
600 0 7 |a DI BONDONE, GIOTTO  |2 CL-VaPUC  |9 557603 
650 0 |a Pintura  |9 265046 
650 0 |a Pintura italiana  |9 265293 
650 0 |a Pintores italianos  |9 265277 
650 0 |a Pintura renacentista  |9 266314 
583 |a last modification  |c 20110617 00:00:00  |k Rodrigo Vera 
999 |c 345152  |d 345150 
952 |0 0  |1 0  |4 0  |6 750_000000000000000_WOL_2006  |7 0  |8 C  |9 443621  |a BIBCUR  |b BIBCUR  |d 2019-11-22  |i 4784936  |o 750 WOL 2006  |p 4784936  |r 2025-04-22  |w 2019-11-22  |y BK  |k CAC